<?xml version="1.0" encoding="UTF-8"?>
<collection xmlns="http://www.loc.gov/MARC21/slim">
 <record>
  <leader>02064nam a2200205Ia 4500</leader>
  <controlfield tag="001">CTU_158538</controlfield>
  <controlfield tag="008">210402s9999    xx            000 0 und d</controlfield>
  <datafield tag="082" ind1=" " ind2=" ">
   <subfield code="a">341.24</subfield>
  </datafield>
  <datafield tag="082" ind1=" " ind2=" ">
   <subfield code="b">S586</subfield>
  </datafield>
  <datafield tag="100" ind1=" " ind2=" ">
   <subfield code="a">Silva, Jorge Tavares da</subfield>
  </datafield>
  <datafield tag="245" ind1=" " ind2="0">
   <subfield code="a">Donner corps à une idée Europe</subfield>
  </datafield>
  <datafield tag="245" ind1=" " ind2="0">
   <subfield code="c">Jorge Tavares da Silva ; Europaische Union Rat</subfield>
  </datafield>
  <datafield tag="260" ind1=" " ind2=" ">
   <subfield code="a">Bruxelles</subfield>
  </datafield>
  <datafield tag="260" ind1=" " ind2=" ">
   <subfield code="b">Bruylant</subfield>
  </datafield>
  <datafield tag="260" ind1=" " ind2=" ">
   <subfield code="c">2009</subfield>
  </datafield>
  <datafield tag="520" ind1=" " ind2=" ">
   <subfield code="a">L'Europe a été au fil des siècles un mythe, un espace géographique, une idée, une source d'identité et bien d'autres choses encore. Elle a pris récemment la forme plus concrète d'une union d'Etats membres travaillant de concert dans un cadre juridique et politique unique, en quête d'un destin commun. La conscience de la nécessité de mobiliser les forces politiques de l'Europe au sein d'un cadre quelconque, qu'il s'agisse d'un traité, d'une charte fondatrice ou d'une constitution, existe depuis longtemps. Elle est apparue pour la première fois chez Dante et, depuis lors, la quête s'est poursuivie à travers les siècles jusqu'au lendemain de la seconde guerre mondiale, lorsqu'ont pris corps les traités fondateurs de la Communauté européenne, puis de l'Union européenne. Durant cette période, des penseurs issus d'horizons très divers ont réfléchi au moyen d'amener la paix et la réconciliation sur le contient européen et ont écrit à ce sujet. Le présent ouvrage est destiné à présenter une partie très méconnue de l'histoire européenne, celle des tentatives successives entreprises pour concrétiser ce projet ambitieux. Ce faisant, il montre que l'objectif d'une Europe en paix avec elle-même plonge ses racines loin dans l'histoire et que de nombreuses idées avancées au cours des ans pour atteindre ce but portaient en elles le germe de l'Union européenne telle qu'elle existe aujourd'hui.</subfield>
  </datafield>
  <datafield tag="650" ind1=" " ind2=" ">
   <subfield code="a">European economic community,Europe</subfield>
  </datafield>
  <datafield tag="650" ind1=" " ind2=" ">
   <subfield code="x">Politics and government</subfield>
  </datafield>
  <datafield tag="904" ind1=" " ind2=" ">
   <subfield code="i">Giang</subfield>
  </datafield>
  <datafield tag="980" ind1=" " ind2=" ">
   <subfield code="a">Trung tâm Học liệu Trường Đại học Cần Thơ</subfield>
  </datafield>
 </record>
</collection>
